000 00227 a2200097 4500
001 43424
100 _aColleridge
245 _aColleridge Poetical Works
260 _aLondon
_bOxford University Press
_c
090 _c27248
_d27248
942 _aNUST-CAE
_cM
_c19167
999 _c278497
_d278497